| 000 | 00990cam a2200265 i 4500 | ||
|---|---|---|---|
| 999 |
_c57701 _d57701 |
||
| 001 | 19625935 | ||
| 005 | 20221108162948.0 | ||
| 008 | 170504s2017 iluab 000 0 eng c | ||
| 010 | _a 2017021822 | ||
| 020 | _a 9780226678443 X | ||
| 041 | _aeng | ||
| 080 | _a330.8 I-84 | ||
| 100 | 1 |
_aIrwin, Douglas A., _d1962- _eauthor. _99494 |
|
| 245 | 1 | 0 |
_aClashing over commerce : _ba history of US trade policy / _cDouglas A. Irwin. |
| 264 | 1 |
_aChicago : _bThe University of Chicago Press, _c[2017]. |
|
| 300 |
_a860 pages : _billustrations, maps ; _c24 cm. |
||
| 490 | 1 | _aMarkets and governments in economic history | |
| 650 | 0 |
_aTariff _zUnited States _xHistory. _99495 |
|
| 651 | 0 |
_aUnited States _xCommercial policy _xHistory. _99496 |
|
| 653 | _aეკონომიკა | ||
| 653 | _aკომერცია | ||
| 830 | 0 |
_aMarkets and governments in economic history. _99497 |
|
| 942 |
_2udc _cBK |
||
| 955 |
_aICU _bhb09 2018-08-17 Copy to LOAN _bhb09 2019-01-28 additional copy to LOAN |
||